000 00374pab a2200145 454500
008 180718b1983 xxu||||| |||| 00| 0 eng d
100 _aSnively, Suzanne
245 _aThe budget
_bWhat could or should be on the reform agenda?
260 _c1983
300 _a11-13
362 _aMay
650 _aBudgetary Control - New Zealand
773 _aPublic Sector
909 _a4894
999 _c4894
_d4894